000 01035nmc a2200313 a 4500
003 AR-BaBNM
005 20251128211439.0
008 134020s[200 ||||||||||||||000 | spa||
040 _cAR-BaBNM
100 1 _aBertino Moure, Angel
245 1 0 _aTécnicas y prácticas jurídicas
_bárea profesional : 2º ciclo
_n2
260 _aBuenos Aires
_bGendarmería Nacional
_c[2000]
300 _a107p.
490 0 _aBachiller a distancia para adultos
500 _aLas autorías han sido tomados del dorso de portada
521 _aSECUNDARIO
650 4 _aEDUCACION DE ADULTOS
650 4 _aDERECHO
653 _aEDUCACION A DISTANCIA
653 _aEDUCACION SECUNDARIA
653 _aBACHILLER
700 1 _aGodoy, Otilio
_ecolaborador
700 1 _aMuga, María Alejandra
_ecoordinador
710 1 _aUniversidad Nacional de Catamarca
_bFacultad de Humanidades
710 1 _aArgentina
_bGendarmería
_bCentro de Educación a Distancia
710 1 _aFundación Centinela [Buenos Aires]
942 _cBK
998 _calexandra
999 _c19737
_d19737